200 mots aléatoire Harry Potter 1 #2 - Statistiques

Statistiques générales
  • Ce quiz a été pris 38 fois
  • Le résultat moyen est 99 sur 200
Statistiques - réponses
Réponses % Correct
Harry
97%
à
94%
le
94%
Le
94%
d'
91%
et
91%
il
91%
Il
91%
là?
91%
la
91%
La
91%
C'
88%
est
88%
est-
88%
Ron
88%
s'
88%
qu'
85%
de
82%
de-
82%
j'
82%
—J'
82%
les
82%
n'
82%
se
82%
des
79%
ma
79%
qui
79%
ce
76%
—Ce
76%
pas
76%
en
74%
par
74%
que
74%
un
74%
Un
74%
un,
74%
une
74%
ils
71%
dit
68%
était
68%
y,
68%
professeur
65%
Vous
65%
vous
65%
McGonagall
59%
Nous
59%
nous
59%
aux
56%
dans
56%
élèves,
56%
élèves
56%
élèves.
56%
—Mon
56%
même
53%
sont
53%
cou
50%
font
50%
lui
50%
lui-
50%
moi,
50%
si
50%
va
50%
avons-
44%
fantôme.
44%
salle
44%
ses
44%
comme
41%
garçon
41%
autre
38%
fait
38%
ici,
38%
maison,
38%
cheveux
35%
première
35%
tête
35%
blonds
32%
ceux-
32%
étaient
32%
leur
32%
temps.
32%
alors
29%
année
29%
bien
29%
entre
29%
toutes
29%
—Allons-
26%
cher
26%
Peeves
26%
Poufsouffle,
26%
voir
26%
voix
26%
cérémonie
24%
commencer.
24%
deuxième
24%
file
24%
nouveaux
24%
Quelques
24%
chance.
21%
maintenant,
21%
mur
21%
rang
21%
répondit
21%
suivez-
21%
donné
18%
donner
18%
Frère,
18%
jambes
18%
—Mettez-
18%
Répartition,
18%
devrions
15%
fantômes
15%
gros
15%
quittèrent
15%
chances
12%
espère
12%
méritait?
12%
moine
12%
moine.
12%
silence.
12%
spectre,
12%
attendez
9%
hochèrent
9%
imagine?
9%
revenue.
9%
souriant.
9%
Tiens,
9%
traversant
9%
changées
6%
entouré
6%
fraise.
6%
horrible
6%
mot.
6%
—Oublions
6%
pardonnons.
6%
soudain
6%
véritablement
6%
vêtu
6%
bizarre,
3%
brusque.
3%
chausse
3%
éprouvait
3%
gardèrent
3%
glissa
3%
hauts-
3%
moindre
3%
opposé.
3%
plomb.
3%
présence
3%
prononcer
3%
quitta
3%
remarquer
3%
réputation
3%
sensation
3%
venait
3%
Aucun quiz correspondant
Distribution des résultats
% des personnes avec chaque résultat
Percentile par nombre de réponses
Votre historique - résultats
Vous n’avez pas pris ce quiz